| 000 | 00416nam a2200109Ia 4500 | ||
|---|---|---|---|
| 008 | 160909s9999 xx 000 0 und d | ||
| 100 | _aDodge, William B. | ||
| 245 | _aEcology of coyotes (<i>Canis latrans</i>) in the greater Detroit area of southeastern Michigan | ||
| 260 |
_bWayne State University. _c2016 |
||
| 650 | _aHUMAN RESOURCE MANAGEMENT | ||
| 856 | _uhttp://pqdtopen.proquest.com/doc/1790625849.html?FMT=ABS | ||
| 999 |
_c304700 _d304700 |
||